| 000 | 01414nam0a2200337 4500 | ||
|---|---|---|---|
| 001 | RU\NLR\bibl\94252 | ||
| 005 | 20260607071329.0 | ||
| 010 | _a5-85050-389-7 | ||
| 010 |
_a5-85050-379-Х _94000 |
||
| 021 |
_aRU _b2000-7792 _9387 |
||
| 035 | _a(NLR Aleph) 000092099 | ||
| 090 |
_a517070 _c517070 |
||
| 100 | _a20000623d1999 |||y0rusy50 ca | ||
| 101 | 0 | _arus | |
| 102 | _aRU | ||
| 105 | _ay ||||||||| | ||
| 200 | 1 |
_aПодросток _e[Роман] _aПроизведения разных лет _fФ.М. Достоевский _g[Сост. С.В. Жожикашвили] _gИн-т "Открытое о-во" |
|
| 210 |
_aМ. _cСлово _d1999 |
||
| 215 |
_a748, [1] с. _d22 |
||
| 225 | 1 |
_aПушкинская библиотека _fРедкол.: М.Л. Гаспаров и др. |
|
| 327 | 1 | _aСодерж.: Подросток; Бедные люди; Белые ночи; Записки из подполья; Влас; Бобок; Парадоксалист; Приговор; Кроткая; Сон смешного человека | |
| 686 | _aШ6(2=Р)52-4 | ||
| 700 | 1 |
_4070 _8rus _7ca _aДостоевский _bФ. М. _f1821-1881 _gФедор Михайлович _3RU\NLR\auth\77838 _9110876 |
|
| 801 | 0 |
_aRU _bNLR _c20000623 _gPSBO |
|
| 801 | 1 |
_aRU _bNLR _c20000623 |
|
| 852 |
_aNLR _j2000-5/1359 |
||
| 942 | _cBOOK | ||
| 980 | _aNB | ||